| 000 | 00409nam a2200157Ia 4500 | ||
|---|---|---|---|
| 008 | 230917s9999||||xx |||||||||||||| ||und|| | ||
| 020 | _cPOU3.25 | ||
| 040 |
_e8397 _aMAIN |
||
| 041 | _aEnglish | ||
| 082 | _a327.101 R333T | ||
| 100 | _aReynolds, Charles | ||
| 245 | 0 | _aTheory and explanation in international politics | |
| 260 |
_aLondon _bMartin Robertson _c1973 |
||
| 300 | _aviii, 367 p. | ||
| 942 | _cBK | ||
| 999 |
_c142588 _d142588 |
||